Emily en el país de la mufa /
Cuando Emily se enoja, su habitación se transforma en el país de la mufa. Allí nadie puede preocuparse por los demás o ser amable y cariñoso. Y lo que es peor, cualquiera que está mufado sabe que volver de allí no es cosa fácil. Las historias de Emily nos llevan de la mano por el mundo de los juegos...
Guardado en:
| Autor Principal: | |
|---|---|
| Otros Autores: | |
| Formato: | Libro |
| Publicado: |
Buenos Aires :
Pictus,
2013
|
| Series: | Ilustropía
|
| Materias: | |
| Etiquetas: |
Agregar Etiqueta
Sin Etiquetas, Sea el primero en etiquetar este registro!
|
| LEADER | 01322nam a22002775a 4500 | ||
|---|---|---|---|
| 001 | CEM.cems015367 | ||
| 008 | 130507s2013##################000#0#####d | ||
| 005 | 20240219130634.0 | ||
| 245 | 1 | 0 | |a Emily en el país de la mufa / |c Guillermo Höhn ; ilustrado Por Alejandro O´keefe |
| 260 | |a Buenos Aires : |b Pictus, |c 2013 | ||
| 300 | |a 32 p. | ||
| 490 | 0 | |a Ilustropía | |
| 520 | |a Cuando Emily se enoja, su habitación se transforma en el país de la mufa. Allí nadie puede preocuparse por los demás o ser amable y cariñoso. Y lo que es peor, cualquiera que está mufado sabe que volver de allí no es cosa fácil. Las historias de Emily nos llevan de la mano por el mundo de los juegos y la fantasía. | ||
| 020 | |a 9789871534821 | ||
| 100 | 1 | |a Höhn, Guillermo | |
| 700 | 1 | |a O´keefe, Alejandro; il. | |
| 082 | 0 | 4 | |a A868.4 |
| 653 | |a Literatura | ||
| 653 | |a Literatura argentina | ||
| 653 | |a Literatura infantil | ||
| 653 | |a Cuentos infantiles | ||
| 653 | |a Colección ciencias de la educación | ||
| 859 | |a CEMS |b BIB. CEMS - Inicial y Primaria |h A868.4 |i H686 |k IP |p 3876 |t Ej.1 | ||
| 859 | |a CEMS |b BIB. CEMS - Ccias. Educacion |h A868.4 |i H686 |k CE |p 28697.19 |t Ej.1 | ||
| 859 | |a CEMS |b BIB. CEMS - Inicial y Primaria |h A868.4 |i H686 |k IP |p 5357 |t Ej.2 | ||
| 859 | |a CEMS |b BIB. CEMS - Ccias. Educacion |h A868.4 |i H686 |k CE |p 28700.19 |t Ej.2 | ||
